Meest Verspreide Eilandlanden - Statistieken

Algemene statistieken
  • Deze quiz is 1.452 keer genomen
  • De gemiddelde score is 9 van 13
Antwoordstatistieken
% Land % Correct
53,3 Indonesië
78%
8,6 Kiribati
78%
63,4 Micronesia
77%
17,7 Marshalleilanden
76%
33,3 Salomonseilanden
76%
36,4 Tuvalu
74%
49,2 Vanuatu
72%
60,6 Filipijnen
69%
4,1 Maldiven
69%
43,3 Seychellen
68%
36,2 Bahama's
67%
48,2 Tonga
67%
43,9 Kaapverdië
63%
Geen overeenkomende quizzen gevonden
Scoreverdeling
Procent van Mensen met Elke Score
Percentiel versus Aantal Correcte Antwoorden
Uw Scoregeschiedenis
U heeft deze quiz nog niet genomen